000 00769nam a2200277Ia 4500
008 220216s9999 xx 000 0 und d
100 _aWerner Christian
245 0 _aN2O, CH4 and CO2 emissions from seasonal tropical rainforests and a rubber plantation in Southwest China
260 _bPlant and Soil
_c2006
300 _a335-353
650 _aCarbon dioxide
650 _aGreenhouse gases
650 _aNitrous oxide
650 _aRubber plantation
650 _aSE Asia
650 _aSoil moisture
650 _aSoil temperature
650 _aTropical rainforest
700 _aButterbach-Bahl Klaus
700 _aKise Ralf
700 _aLiu Chunyan
700 _aTang Janwei
700 _aXie Baohua
700 _aZheng Xunhua
942 _cJS
999 _c63366
_d63366